Central Library OPAC University of Rajshahi

Hadith on faith and belief / (Record no. 56850)

MARC details
000 -LEADER
fixed length control field 00700nam a2200241 a 4500
001 - CONTROL NUMBER
control field 56850
003 - CONTROL NUMBER IDENTIFIER
rucl marc code BD-RjUL
005 - DATE AND TIME OF LATEST TRANSACTION
control field 20211209080437.0
008 - FIXED-LENGTH DATA ELEMENTS--GENERAL INFORMATION
fixed length control field 161204s2008 ii ||||| |||| 001 0 eng d
020 ## - INTERNATIONAL STANDARD BOOK NUMBER
International Standard Book Number 812613187x
035 ## - SYSTEM CONTROL NUMBER
System control number (BD-RjUL)56974
040 ## - CATALOGING SOURCE
Original cataloging agency BD-RjUL
Language of cataloging eng
Transcribing agency BD-RjUL
Modifying agency BD-RjUL
041 ## - LANGUAGE CODE
Language code of text/sound track or separate title eng
082 ## - DEWEY DECIMAL CLASSIFICATION NUMBER
Edition number 23
Classification number 297.124
Author mark and year HAD 2008
245 10 - TITLE STATEMENT
Title Hadith on faith and belief /
Statement of responsibility, etc. Maulana Mohammad Razi Khan Afridi.
260 ## - PUBLICATION, DISTRIBUTION, ETC. (IMPRINT)
Place of publication, distribution, etc. New Delhi :
Name of publisher, distributor, etc. Anmol Publications,
Date of publication, distribution, etc. c2008.
300 ## - PHYSICAL DESCRIPTION
Pagination vi, 304 p. ;
Size 25 cm.
500 ## - GENERAL NOTE
General note Includes index
650 ## - SUBJECT ADDED ENTRY--TOPICAL TERM
Topical term or geographic name as entry element Hadith.
9 (RLIN) 169496
Topical term or geographic name as entry element Faith (Islam).
9 (RLIN) 125087
700 ## - ADDED ENTRY--PERSONAL NAME
Personal name Afridi, Maulana Mohammad Razi Khan.
942 ## - ADDED ENTRY ELEMENTS (KOHA)
Source of classification or shelving scheme Dewey Decimal Classification
Koha item type Books
Holdings
Lost status Source of classification or shelving scheme Damaged status Not for loan Collection code Permanent Location Current Location Shelving location Date acquired Source of acquisition Cost, normal purchase price Total Checkouts Full call number Date last seen Copy number Koha item type
  Dewey Decimal Classification   Not For Loan Non-fiction Central Library, University of Rajshahi Central Library, University of Rajshahi Reading Room 21/12/2010 Dhaka, Paragon Enterprise ltd. 3000.00   297.124 HAD 2008 04/12/2016 C-1 Books